The mysterious affair at Styles (Record no. 481804)
[ view plain ]
| 000 -LEADER | |
|---|---|
| fixed length control field | 00469 a2200157 4500 |
| 020 ## - INTERNATIONAL STANDARD BOOK NUMBER | |
| International Standard Book Number | 0007119275 |
| 082 ## - DEWEY DECIMAL CLASSIFICATION NUMBER | |
| Classification number | 823.912 |
| 090 ## - LOCALLY ASSIGNED LC-TYPE CALL NUMBER (OCLC); LOCAL CALL NUMBER (RLIN) | |
| -- | 1002 |
| -- | 1002 |
| 100 ## - MAIN ENTRY--PERSONAL NAME | |
| Personal name | Agatha Christie |
| 245 ## - TITLE STATEMENT | |
| Title | The mysterious affair at Styles |
| Statement of responsibility, etc. | Agatha Christie |
| 260 ## - PUBLICATION, DISTRIBUTION, ETC. | |
| Place of publication, distribution, etc. | New York: , |
| Name of publisher, distributor, etc. | Collins Publishers |
| Date of publication, distribution, etc. | 1920. |
| 300 ## - PHYSICAL DESCRIPTION | |
| Extent | 297 p. ; |
| Other physical details | 20 cm. |
| 500 ## - GENERAL NOTE | |
| General note | Includes Index |
| 650 ## - SUBJECT ADDED ENTRY--TOPICAL TERM | |
| Topical term or geographic name entry element | 1.Poirot, Hercule (Fictitious character) --Fiction.2.Belgians --England --Fiction. |
| 942 ## - ADDED ENTRY ELEMENTS (KOHA) | |
| Koha item type | Book |
| Withdrawn status | Lost status | Source of classification or shelving scheme | Damaged status | Not for loan | Permanent Location | Current Location | Date acquired | Total Checkouts | Total Renewals | Full call number | Barcode | Date last seen | Date last checked out | Price effective from | Koha item type |
|---|---|---|---|---|---|---|---|---|---|---|---|---|---|---|---|
| School of Civil and Environmental Engineering (SCEE) | School of Civil and Environmental Engineering (SCEE) | 01/27/2020 | 1 | 1 | 823.912 | NIT-9480 | 03/20/2023 | 01/31/2023 | 01/27/2020 | Book |
